00740nam a2200193Ia 4500082002800000245014900028260003700177300000900214650003800223650002700261650002600288650002600314650003300340650003200373650003200405650003900437700001700476710005300493 a305.4 GEN- SL1 0aGender and equity:bRajasthan Chapter of the SID for the pre conferencce meeting on Gender and equity scheduled at New Delhi, March 23-24, 1988  aNew DelhibSID Publicationc1988 a85p. aWomen in developopment - Rajsthan aGender and development aWomen and development aDevelopment and women aGAD (Gender and development) aWAD (Women and development) aWID ( Women in development) aWomen - Health and hygiene - India aBapna, Ashok aRajasthan. Society for International Development